Chronological tables for the year / (Record no. 514268)

MARC details
000 -LEADER
fixed length control field 00985nam a2200313 a 4500
001 - CONTROL NUMBER
control field vtls001210458
003 - CONTROL NUMBER IDENTIFIER
control field NLI
005 - DATE AND TIME OF LATEST TRANSACTION
control field 20210603165106.0
008 - FIXED-LENGTH DATA ELEMENTS--GENERAL INFORMATION
fixed length control field 120328s1961 ii s000 0 eng
020 ## - INTERNATIONAL STANDARD BOOK NUMBER
Terms of availability Rs. 0.05
039 #9 - LEVEL OF BIBLIOGRAPHIC CONTROL AND CODING DETAIL [OBSOLETE]
-- 201203282001
-- VLOAD
040 ## - CATALOGING SOURCE
Original cataloging agency NLI
Language of cataloging eng
Transcribing agency Datasoft_IOD
Description conventions AACR2
041 0# - LANGUAGE CODE
Language code of text/sound track or separate title eng
044 ## - COUNTRY OF PUBLISHING/PRODUCING ENTITY CODE
MARC country code ii
082 04 - DEWEY DECIMAL CLASSIFICATION NUMBER
Classification number 347.99
110 1# - MAIN ENTRY--CORPORATE NAME
Corporate name or jurisdiction name as entry element West Bengal (India).
Subordinate unit High Court.
-- English Department
9 (RLIN) 646632
245 10 - TITLE STATEMENT
Title Chronological tables for the year /
Statement of responsibility, etc. English Department, High Court, West Bengal (India)
260 ## - PUBLICATION, DISTRIBUTION, ETC.
Place of publication, distribution, etc. Alipore :
Name of publisher, distributor, etc. W. B.Govt Press.,
Date of publication, distribution, etc. 1961
300 ## - PHYSICAL DESCRIPTION
Extent 114 p. ;
Dimensions 30 cm.
500 ## - GENERAL NOTE
General note Government publication
650 #0 - SUBJECT ADDED ENTRY--TOPICAL TERM
Topical term or geographic name entry element Court rules
Geographic subdivision India
-- Bengal
9 (RLIN) 597579
650 #0 - SUBJECT ADDED ENTRY--TOPICAL TERM
Topical term or geographic name entry element Justice, Administration of
Geographic subdivision India
-- Bengal
9 (RLIN) 416789
650 #0 - SUBJECT ADDED ENTRY--TOPICAL TERM
Topical term or geographic name entry element Legislative bodies
Geographic subdivision India
-- Bengal
9 (RLIN) 613425
887 ## - NON-MARC INFORMATION FIELD
Content of non-MARC field
901 ## - LOCAL DATA ELEMENT A, LDA (RLIN)
a 24320 date
b 8.8.1961
902 ## - LOCAL DATA ELEMENT B, LDB (RLIN)
a GP 347.99[1](5415)W52(1961)
942 ## - ADDED ENTRY ELEMENTS (KOHA)
Source of classification or shelving scheme Dewey Decimal Classification
Koha item type Books
Holdings
Withdrawn status Lost status Damaged status Not for loan Collection code Home library Current library Shelving location Date acquired Total Checkouts Full call number Date last seen Price effective from Koha item type
        Government Publications National Library of India National Library of India Annexe Reading Room & Stack Division     GP 347.99[1](5415)W52(1961) 03/06/2021 03/06/2021 Books
                                                                           
web counter

Copyright ©2020 The National Library of India, Govt. of India ↔ Hosted by NVLI, MOC ↔ Technology and Design by National Library of India, Ministry of Culture, Govt. of India